| 000 | nam a22 7a 4500 | ||
|---|---|---|---|
| 999 |
_c4832 _d4832 |
||
| 003 | AKMAL | ||
| 005 | 20200710102139.0 | ||
| 008 | 200710s2020 my | e l 000 0 may d | ||
| 020 |
_a9789677010581 _cRM37.00 |
||
| 082 | 0 | 4 | _a343.595056 MAL |
| 090 | 0 | 0 |
_a343.595056 _bMAL |
| 110 | 1 |
_aMalaysia _9400 |
|
| 245 | 1 | 0 |
_aAkta Zon Bebas dan Peraturan-Peraturan (Akta 438) _bsemua pindaan hingga 1 Mac 2020 / _cdisusun semula oleh: Penasihat Undang-undang MDC |
| 260 |
_aGombak, Kuala Lumpur : _bMDC Publishers , _c2020 |
||
| 300 |
_a82ms. ; _c26cm. |
||
| 490 | 1 | _aUndang-undang Malaysia | |
| 650 | 1 | 0 |
_aFree ports and zones _xLaw and legislation _zMalaysia _92242 |
| 650 | 2 | 0 |
_aSales tax _xLaw and legislation _zMalaysia _9621 |
| 650 | 2 | 0 |
_aCustom administration _xLaw and legislation _zMalaysia _92243 |
| 710 | 2 |
_aPenasihat Undang-Undang MDC _9405 |
|
| 830 | 0 |
_aUNDANG-UNDANG MALAYSIA _99196 |
|
| 942 |
_2ddc _cBOOK |
||